Τα παλιά και τα καινούργια

Αποθηκεύτηκε σε:
Λεπτομέρειες βιβλιογραφικής εγγραφής
Κύριος συγγραφέας: Ραμάς, Στέφανος
Μορφή: Βιβλίο
Γλώσσα:Greek
Δημοσίευση: Αθήνα : Τυπογραφείο "Εστία", 1905
Θέματα:
Ετικέτες: Προσθήκη ετικέτας
Δεν υπάρχουν, Καταχωρήστε ετικέτα πρώτοι!

MARC

LEADER 00000cam a2200000 i 4500
001 1/5834
008 000608s1905 gre d
035 |l 10061724 
040 |a GR-MY-UA  |b gre  |e aacr 
041 0 |a gre 
082 0 |a 889.4 
100 1 |a Ραμάς, Στέφανος. 
245 1 3 |a Τα παλιά και τα καινούργια /  |c Στέφανου Ράμα 
260 |a Αθήνα :   |b Τυπογραφείο "Εστία",   |c 1905 
300 |a 181 σ. 
650 0 0 |a Greek essays, Modern. 
650 0 0 |a Speeches, addresses, etc. 
852 |a INST  |b LESVOS  |e 20000608  |h 889.4 ΡΑΜ  |p 005100023983  |q 005100023983  |t BK  |y 0 
901 |a BIBL1-2000-2 
909 |a Λ  |b 072847 
970 |z 2000/06/ΜΙΧΑΗΛΙΔΟΥ ΑΝΝΑ